Interpreting the Pentateuch : (Record no. 8103)

MARC details
000 -LEADER
fixed length control field 01170cam a2200277 a 4500
001 - CONTROL NUMBER
control field 15697233
003 - CONTROL NUMBER IDENTIFIER
control field GBCCL
005 - DATE AND TIME OF LATEST TRANSACTION
control field 20241126110643.0
008 - FIXED-LENGTH DATA ELEMENTS--GENERAL INFORMATION
fixed length control field 090413s2009 miua b 000 0 eng
010 ## -
-- 2009015286
020 ## - INTERNATIONAL STANDARD BOOK NUMBER
International Standard Book Number 9780825427626 (pbk.)
040 ## - CATALOGING SOURCE
Original cataloging agency DLC
Transcribing agency DLC
Modifying agency DLC
050 00 -
-- BS1225.52
-- .V64 2009
082 00 - DEWEY DECIMAL CLASSIFICATION NUMBER
Classification number 222.106
Edition information 22
Item number VOG
100 1# - MAIN ENTRY--PERSONAL NAME
Personal name Vogt, Peter T.,
Dates associated with a name 1968-
9 (RLIN) 14127
245 10 - TITLE STATEMENT
Title Interpreting the Pentateuch :
Remainder of title an exegetical handbook /
Statement of responsibility, etc. Peter T. Vogt.
260 ## - PUBLICATION, DISTRIBUTION, ETC.
Place of publication, distribution, etc. Grand Rapids, MI :
Name of publisher, distributor, etc. Kregel Publications,
Date of publication, distribution, etc. c2009.
300 ## - PHYSICAL DESCRIPTION
Extent 214 p. :
Other physical details ill. ;
Dimensions 23 cm.
490 0# - SERIES STATEMENT
Series statement Handbooks for Old Testament exegesis
504 ## - BIBLIOGRAPHY, ETC. NOTE
Bibliography, etc. note Includes bibliographical references.
505 0# - FORMATTED CONTENTS NOTE
Formatted contents note The genres of the Pentateuch -- Major themes of the Pentateuch -- Getting started -- Interpreting the Pentateuch -- Communicating the genres of the Pentateuch -- Putting it all together.
630 00 - SUBJECT ADDED ENTRY--UNIFORM TITLE
Uniform title Bible.
Name of part/section of a work Pentateuch
General subdivision Criticism, interpretation, etc.
9 (RLIN) 1599
906 ## - LOCAL DATA ELEMENT F, LDF (RLIN)
a 7
b cbc
c orignew
d 1
e ecip
f 20
g y-gencatlg
942 ## - ADDED ENTRY ELEMENTS (KOHA)
Source of classification or shelving scheme Dewey Decimal Classification
Koha item type Books
Koha issues (borrowed), all copies 7
Holdings
Withdrawn status Lost status Source of classification or shelving scheme Damaged status Not for loan Home library Current Library Shelving location Date acquired Source of acquisition Cost, normal purchase price Total checkouts Full call number Barcode Date last seen Date last checked out Copy number Cost, replacement price Price effective from Koha item type
    Dewey Decimal Classification     GRACE BIBLE COLLEGE GRACE BIBLE COLLEGE Biblical Studies 2019-05-14 13 2514.00 8 222.106 VOG 014946 2025-09-04 2025-09-02 c.1 2514.00 2019-05-14 Books
© Grace Bible College Library 2025